British Female-Fronted Bands - Statistics

General Stats
  • This quiz has been taken 22 times
    16 since last reset
  • The average score is 6 of 20
Answer Stats
Hint Answer % Correct
Stupid Girl; Only Happy When It Rains; I Think I'm Paranoid Garbage
80%
Road Rage; Mulder And Scully; Dead From The Waist Down Catatonia
73%
Connection; Waking Up; Stutter Elastica
67%
Glory Box; Sour Times; All Mine Portishead
67%
For Love; Ladykillers; Single Girl Lush
40%
Ready To Go; Drop Dead Gorgeous; From Rush Hour With Love Republica
40%
Hedonism (Just Because It Feels Good); Weak; Charity Skunk Anansie
40%
Inner Smile; Say What You Want; Black Eyed Boy Texas
33%
Ooh La La; Strict Machine; Number One Goldfrapp
27%
Sing It Back; The Time Is Now; Pure Pleasure Seeker Moloko
27%
Sale Of The Century; Inbetweener; Nice Guy Eddie Sleeper
27%
Indestructible; I Am, I Feel; Alisha Rules The World Alisha's Attic
20%
6 Underground; Spin Spin Sugar; Long Hard Road Out Of Hell Sneaker Pimps
20%
Great Things; King Of The Kerb; Insomniac Echobelly
13%
He's On The Phone; Sylvie; Hug My Soul Saint Etienne
13%
Here's Where The Story Ends; Summertime; Wild Horses The Sundays
13%
Missing; Each And Every One; Walking Wounded Everything But The Girl
7%
In Your Car; Punka; I Would Fix You Kenickie
7%
The Sea; Part Of The Process; Rome Wasn't Built In A Day Morcheeba
7%
A Place In The Sun; Honey; A Different Light Marine Girls
0%
No matching quizzes found
Score Distribution
Percent of People with Each Score
Percentile by Number Answered
Your Score History
You have not taken this quiz since the last reset